| 000 | 00947nam a22002775a 4500 | ||
|---|---|---|---|
| 006 | a||||fr|||| 00| 0 | ||
| 008 | 081027t2006 njua|||frb||| 001 0 eng d | ||
| 010 | _a2005283592 | ||
| 020 | _a9780131976412 | ||
| 020 | _a0131976419 | ||
| 082 | 0 | 4 |
_a624.171 _bHIB _222 |
| 100 | 1 |
_aHibbeler, R. C. _92950 |
|
| 245 | 1 | 0 |
_aStructural Analysis / _cR.C. Hibbeler. |
| 250 |
_a6th ed. _bSI units |
||
| 260 |
_aUpper Saddle River, N.J. : _bPearson/Prentice Hall, _cc. 2006. |
||
| 300 |
_axiv, 640 p. : _bill. ; _c25 cm. |
||
| 500 | _aIndex : p. 638-644. | ||
| 500 | _aAppendix : p. 602-619. | ||
| 500 | _aAnswer to selected problems : p. 620-637. | ||
| 590 | _aMenna ELemam | ||
| 650 | 0 |
_aStructural analysis (Engineering) _92951 _2BUEsh |
|
| 651 | _2BUEsh | ||
| 653 |
_bENGELC _cAugust2015 |
||
| 655 |
_aStructural Analysis and Mechanics (1)- Year 1 _vtext book _xEngineering _ySemester 2. 2008/2009 |
||
| 942 |
_cBB _k624.171 HIB _2ddc |
||
| 999 |
_c1553 _d1553 |
||